000 00454cam a2200181 4500
001 D984
008 090401t1965 xxu||||| |||| 00| 0 eng d
035 _a(Sirsi) u49194
041 _aeng
050 _a692.8
110 _aAqua Group
_9865
245 _aContract administration for architects and quantity surveyors
260 _aLondon
_bCrosby Lockwood
_c1965
300 _axiv. 66p. drawings
350 _a0.9
942 _n0
948 _c04/03/1997
999 _c92519
_d92519